Administrative law

Na minha lista:
Detalhes bibliográficos
Autor principal: Diwan, Pares
Formato: Livro
Publicado em: Allahabad ; Allahabad Law Agency , 1992.
Assuntos:
Tags: Adicionar Tag
Sem tags, seja o primeiro a adicionar uma tag!

MARC

LEADER 00000nam a22000007a 4500
005 20260423113227.0
020 |a N/A  |c TZS 11,349/= 
040 |a MCCL  |b eng.  |e AACR 2nd rev. ed. 
082 |a 342.06 DIW 
100 |a Diwan, Pares 
245 |a Administrative law  |c Pares Diwan 
260 |a Allahabad ;  |b Allahabad Law Agency ,  |c 1992. 
300 |a xii, 423 p. :  |b ill. ;  |c 21 cm. 
504 |a Includes Appendices 
546 |a eng. 
650 |a Administrative law 
942 |c BK 
999 |c 12730  |d 12730